00531nam a2200193 a 4500001001300000003000900013005001700022008004100039020000900080082001800089100002500107245005300132260005000185300000800235500003500243505001000278650002400288700002500312nice12345678IN_TiNIC20260116013545.0050524s1994 mada grp 000 0 eng  ac4000a291.172bSEL2 aSelvanayagam, Israel aToward a Humanist Theology of Religious Harmony. aMaduraibTamilnadu Theological Seminaryc1994 a62p aincludes index and biblioraphy2 aIndex aInterfaith Dialogue1 aSelvanayagam, Israel